Mots de la langue française terminés par "ouin" - Statistiques

Statistiques générales
  • Ce quiz a été pris 196 fois
    190 depuis la dernière actualisation
  • Le résultat moyen est 5 sur 12
Statistiques - réponses
Indice Mot % Correct
singe babouin
95%
nomade arabe bedouin
78%
voisin du dauphin marsouin
67%
oiseau de l'hémisphère nord pingouin
59%
singe, enfant malpropre sagouin
52%
langage incompréhensible baragouin
50%
vacarme, fracas tintouin
42%
habitant du 35400 malouin
41%
sournois, rusé chafouin
32%
Pointe de Bretagne grouin
21%
moustique maringouin
10%
canard milouin
3%
Aucun quiz correspondant
Distribution des résultats
% des personnes avec chaque résultat
Percentile par nombre de réponses
Votre historique - résultats
Vous n’avez pas pris ce quiz depuis la dernière actualisation